[Event "Roquetas de Mar op 35th"]
[Site "Roquetas de Mar"]
[Date "2024.01.06"]
[Round "7"]
[White "Fiorito, Joaquin"]
[Black "Shamatava, Nikolozi"]
[Result "1-0"]
[WhiteElo "2401"]
[BlackElo "2088"]
[PlyCount "93"]
[EventDate "2024.01.02"]
[EventType "swiss"]
[EventRounds "9"]
[EventCountry "ESP"]
[SourceTitle "CB02_2024"]
[SourceDate "2024.01.10"]
[SourceVersion "1"]
[SourceVersionDate "2024.01.10"]
[SourceQuality "1"]

1. d4 Nf6 2. Nc3 d5 3. Bf4 c5 4. e3 cxd4 5. exd4 a6 6. Nf3 Bf5 7. Ne5 Nc6 8. g4 Be6 9. f3 Rc8 10. Qd2 h5 11. g5 Nd7 12. Nxc6 Rxc6 13. g6 fxg6 14. Bd3 Bf7 15. Ne2 e5 16. dxe5 Bc5 17. 0-0-0 0-0 18. Rhe1 Qb6 19. Kb1 Nxe5 20. Rf1 Nc4 21. Bxc4 dxc4 22. Be5 Rcc8 23. Nc3 Qa5 24. Qg5 Bb4 25. f4 Rfd8 26. Rde1 Re8 27. Qg3 Bxc3 28. Bxc3 Qf5 29. Be5 Be6 30. Qc3 Qf7 31. Rg1 Bg4 32. h3 Bf5 33. Rg5 Rcd8 34. Reg1 Rd7 35. a3 Qe6 36. R5g2 Ree7 37. Re1 b5 38. Rgg1 Qd5 39. Kc1 Qc6 40. Rg3 Qb6 41. Rge3 Qc6 42. R3e2 Qd5 43. Kb1 Re8 44. Qb4 Bxh3 45. Bxg7 Kxg7 46. Rxe8 Rf7 47. Qc3+ 1-0

[Event "Roquetas de Mar op 35th"]
[Site "Roquetas de Mar"]
[Date "2024.01.06"]
[Round "8"]
[White "Shamatava, Nikolozi"]
[Black "Bru Rullo, Llatzer"]
[Result "1/2-1/2"]
[WhiteElo "2088"]
[BlackElo "2278"]
[PlyCount "69"]
[EventDate "2024.01.02"]
[EventType "swiss"]
[EventRounds "9"]
[EventCountry "ESP"]
[SourceTitle "CB02_2024"]
[SourceDate "2024.01.10"]
[SourceVersion "1"]
[SourceVersionDate "2024.01.10"]
[SourceQuality "1"]

1. d4 d5 2. c4 dxc4 3. Nf3 Nf6 4. e3 c5 5. Bxc4 cxd4 6. exd4 e6 7. 0-0 Be7 8. Nc3 0-0 9. a3 Nc6 10. Ba2 b6 11. Bg5 Bb7 12. Rc1 h6 13. Bh4 Nh5 14. Bxe7 Nxe7 15. Bb1 Nf4 16. Qd2 Neg6 17. Be4 Bxe4 18. Nxe4 Qd5 19. Qe3 Qb5 20. Rc2 Rac8 21. Nc3 Qf5 22. Rd2 Rfd8 23. g3 Nd5 24. Nxd5 Qxd5 25. Rfd1 Qb5 26. Qe2 Qh5 27. Qe4 Qb5 28. Qe2 Qxe2 29. Rxe2 Ne7 30. Kg2 Rd5 31. Red2 Rcd8 32. Rc2 Nf5 33. Rc7 R8d7 34. Rc2 f6 35. h4 1/2-1/2

[Event "Roquetas de Mar op 35th"]
[Site "Roquetas de Mar"]
[Date "2024.01.05"]
[Round "6"]
[White "Shamatava, Nikolozi"]
[Black "Alshameary Puente, Ismael"]
[Result "1-0"]
[WhiteElo "2088"]
[BlackElo "2317"]
[PlyCount "59"]
[EventDate "2024.01.02"]
[EventType "swiss"]
[EventRounds "9"]
[EventCountry "ESP"]
[SourceTitle "CB02_2024"]
[SourceDate "2024.01.10"]
[SourceVersion "1"]
[SourceVersionDate "2024.01.10"]
[SourceQuality "1"]

1. d4 d5 2. c4 e6 3. Nf3 Nf6 4. g3 Be7 5. Bg2 0-0 6. 0-0 dxc4 7. Qa4 Qd5 8. Nc3 Qc6 9. Qc2 Qa6 10. a4 Bd7 11. Bd2 h6 12. Rfc1 c5 13. dxc5 Bxc5 14. Ne5 Bc6 15. Ne4 Bxe4 16. Bxe4 Bd4 17. Nxc4 Nbd7 18. b4 e5 19. Ra2 Rac8 20. Bf5 b5 21. axb5 Qxb5 22. Ra5 Qb7 23. Qa2 Rc7 24. Be1 Nb6 25. Nd6 Qb8 26. Rd1 Rd8 27. Nb5 Nc4 28. Nxc7 Qxc7 29. Rc1 Bb6 30. Qxc4 1-0

[Event "Roquetas de Mar op 35th"]
[Site "Roquetas de Mar"]
[Date "2024.01.04"]
[Round "4"]
[White "Perea Fruet, Lorenzo"]
[Black "Shamatava, Nikolozi"]
[Result "0-1"]
[WhiteElo "2323"]
[BlackElo "2088"]
[PlyCount "74"]
[EventDate "2024.01.02"]
[EventType "swiss"]
[EventRounds "9"]
[EventCountry "ESP"]
[SourceTitle "CB02_2024"]
[SourceDate "2024.01.10"]
[SourceVersion "1"]
[SourceVersionDate "2024.01.10"]
[SourceQuality "1"]

1. e4 e5 2. Nf3 Nc6 3. Nc3 Nf6 4. h3 Bb4 5. Nd5 Nxd5 6. exd5 Nd4 7. Nxd4 exd4 8. c3 0-0 9. Be2 Bd6 10. 0-0 Qf6 11. c4 Re8 12. Bf3 d3 13. Re1 Be5 14. Be4 d6 15. Bxd3 Bd7 16. Re3 Bd4 17. Rf3 Qe5 18. Qf1 Re7 19. Rb1 Rae8 20. b3 Qg5 21. Re3 Bxe3 22. dxe3 Bxh3 23. e4 Qg6 24. Bb2 f5 25. e5 dxe5 26. c5 Kh8 27. Ba3 Rd7 28. d6 e4 29. Bc4 f4 30. Kh1 Bg4 31. Re1 f3 32. g3 Qh5+ 33. Kg1 Bh3 34. c6 bxc6 35. dxc7 Bxf1 36. Rxe4 Bxc4 37. g4 Rd1+ 0-1

[Event "Roquetas de Mar op 35th"]
[Site "Roquetas de Mar"]
[Date "2024.01.03"]
[Round "2"]
[White "Vergara Anton, Diego"]
[Black "Shamatava, Nikolozi"]
[Result "1-0"]
[WhiteElo "2346"]
[BlackElo "2088"]
[PlyCount "101"]
[EventDate "2024.01.02"]
[EventType "swiss"]
[EventRounds "9"]
[EventCountry "ESP"]
[SourceTitle "CB02_2024"]
[SourceDate "2024.01.10"]
[SourceVersion "1"]
[SourceVersionDate "2024.01.10"]
[SourceQuality "1"]

1. d4 Nf6 2. Nf3 e6 3. e3 b6 4. Bd3 Bb7 5. 0-0 Be7 6. Qe2 d5 7. c4 0-0 8. Nc3 Nbd7 9. e4 dxe4 10. Nxe4 Nxe4 11. Bxe4 Bxe4 12. Qxe4 Nf6 13. Qe2 c5 14. Rd1 Qc7 15. b3 Rfd8 16. Bb2 Rac8 17. Rd3 Nh5 18. g3 Bf6 19. Rad1 g6 20. d5 exd5 21. cxd5 Re8 22. Qc2 Qd6 23. a4 a6 24. Bxf6 Nxf6 25. Qc4 Ra8 26. Nd2 Re5 27. Nf1 Re4 28. Qc2 b5 29. Rc3 Rc8 30. Ne3 Rb4 31. axb5 axb5 32. Qc1 Nd7 33. Kg2 Re8 34. Nc2 Rbe4 35. Re3 Nf6 36. Qd2 R8e5 37. Qa5 Kg7 38. Rxe4 Rxe4 39. Qc3 h5 40. Ne3 Kh7 41. h4 Ng4 42. Nxg4 Rxg4 43. Qf3 Kg7 44. Qc3+ Kh7 45. Qe3 Rb4 46. Qe8 Kg7 47. Qc6 Qd8 48. d6 Rd4 49. Rxd4 cxd4 50. Qd5 Kf6 51. Qg5+ 1-0

[Event "Tbilisi Champions Cup"]
[Site "Tbilisi"]
[Date "2023.10.17"]
[Round "5"]
[White "Gabadadze, Gabriel"]
[Black "Shamatava, Nikolozi"]
[Result "0-1"]
[WhiteElo "1910"]
[BlackElo "2018"]
[PlyCount "148"]
[EventDate "2023.10.13"]
[EventType "swiss"]
[EventRounds "9"]
[EventCountry "GEO"]
[SourceTitle "Mega2024 Update 01"]
[Source "Chessbase"]
[SourceDate "2023.11.12"]
[SourceVersion "1"]
[SourceVersionDate "2023.11.12"]
[SourceQuality "1"]

1. e4 e5 2. Nf3 Nc6 3. Nc3 Nf6 4. Bb5 Nd4 5. 0-0 Nxb5 6. Nxb5 d6 7. d4 exd4 8. Qxd4 a6 9. e5 axb5 10. exf6 Qxf6 11. Re1+ Be6 12. Qd3 c6 13. c4 bxc4 14. Qxc4 Qe7 15. Qd3 Qd7 16. Qc3 c5 17. b4 cxb4 18. Qxb4 Be7 19. a4 Bf6 20. Ra3 0-0 21. Bg5 Bxg5 22. Nxg5 Bf5 23. a5 Rfe8 24. Rd1 d5 25. h3 Rac8 26. Qd4 Bc2 27. Rc1 h6 28. Nf3 Be4 29. Rd1 Qd6 30. Re3 Qa6 31. Qa4 b5 32. Qa3 f5 33. Nd4 f4 34. Ree1 Rc4 35. Qb3 b4 36. Kh2 Qxa5 37. f3 Bg6 38. Rxe8+ Bxe8 39. Nf5 Bf7 40. Qb2 Rc3 41. Qe2 d4 42. Qe4 d3 43. Qxf4 Qc7 44. Qxc7 Rxc7 45. Rxd3 b3 46. Rd8+ Kh7 47. Rb8 Rc2 48. Nd4 Rd2 49. Nb5 b2 50. Na3 Rd3 51. Rxb2 Rxa3 52. Kg3 Ra2 53. Rb7 Bc4 54. Rb1 Rc2 55. Rd1 Kg6 56. Re1 Kf5 57. Ra1 g5 58. Ra5+ Kf6 59. Ra1 Ke5 60. Re1+ Kf5 61. Ra1 h5 62. Ra5+ Kf6 63. Ra1 h4+ 64. Kh2 Kf5 65. Re1 Be2 66. Kh1 Kf4 67. Ra1 Kg3 68. Rb1 Rd2 69. f4 gxf4 70. Rb3+ f3 71. Rb1 Rd1+ 72. Rxd1 Bxd1 73. gxf3 Bxf3+ 74. Kg1 Kxh3 0-1

[Event "Tbilisi Champions Cup"]
[Site "Tbilisi"]
[Date "2023.10.16"]
[Round "4"]
[White "Shamatava, Nikolozi"]
[Black "Safarov, Deniel"]
[Result "0-1"]
[WhiteElo "2018"]
[BlackElo "1981"]
[PlyCount "118"]
[EventDate "2023.10.13"]
[EventType "swiss"]
[EventRounds "9"]
[EventCountry "GEO"]
[SourceTitle "Mega2024 Update 01"]
[Source "Chessbase"]
[SourceDate "2023.11.12"]
[SourceVersion "1"]
[SourceVersionDate "2023.11.12"]
[SourceQuality "1"]

1. b3 d5 2. Bb2 c5 3. Nf3 Nf6 4. e3 g6 5. c4 Bg7 6. cxd5 Qxd5 7. Nc3 Qd8 8. Ne4 Nbd7 9. h4 0-0 10. Ng3 Qc7 11. Qc2 b6 12. h5 Bb7 13. hxg6 hxg6 14. Ng5 Rad8 15. f4 Bd5 16. Rh3 e6 17. Bd3 Rfe8 18. 0-0-0 c4 19. bxc4 Bxg2 20. Rh2 Nc5 21. Bxg6 fxg6 22. Qxg6 Nd3+ 23. Kb1 Nxb2 24. Nh5 Be4+ 25. Nxe4 Nxe4 26. Rg1 Nxc4 27. Qh7+ Kf8 28. Nxg7 Ncxd2+ 29. Rxd2 Nxd2+ 30. Kb2 Nc4+ 31. Kb3 Na5+ 32. Kb2 Rd2+ 33. Kb1 Rd1+ 34. Rxd1 Qxg7 35. Qe4 Nb7 36. Qc6 Nc5 37. Qd6+ Qe7 38. Qd4 Qh7+ 39. Kc1 Qg7 40. Qd6+ Kg8 41. Kb1 Na4 42. Rd4 Qg6+ 43. f5 Qxf5+ 44. Ka1 Qf1+ 45. Rd1 Qf6+ 46. Rd4 Rc8 47. Qg3+ Kf7 48. Qe1 Rc4 49. Qd1 Nc5 50. Kb1 Rxd4 51. exd4 Ne4 52. Qh1 Qf5 53. Ka1 Nc3 54. Kb2 Nd5 55. a4 Qf2+ 56. Kc1 Qe3+ 57. Kc2 Nb4+ 58. Kb2 Qxd4+ 59. Kb3 Qd5+ 0-1

[Event "EU-ch U16 31st"]
[Site "Mamaia"]
[Date "2023.09.05"]
[Round "1"]
[White "Shamatava, Nikolozi"]
[Black "Habans Aguerrea, Javier"]
[Result "1-0"]
[WhiteElo "2003"]
[BlackElo "2362"]
[PlyCount "58"]
[EventDate "2023.09.05"]
[EventType "swiss"]
[EventRounds "9"]
[EventCountry "ROU"]
[SourceTitle "EXT 2024"]
[Source "ChessBase"]
[SourceDate "2023.10.10"]
[SourceVersion "1"]
[SourceVersionDate "2023.10.10"]
[SourceQuality "1"]

1. d4 Nf6 2. c4 e6 3. Nf3 d5 4. g3 c6 5. Bg2 Be7 6. 0-0 b6 7. Qc2 0-0 8. cxd5 cxd5 9. Bf4 Bb7 10. Rc1 Nc6 11. Nc3 Rc8 12. Qd3 a6 13. Nd2 b5 14. Nb3 Nd7 15. a3 Ba8 16. Rd1 f5 17. Qe3 Kf7 18. Nxd5 exd5 19. Bxd5+ Kg6 20. Be6 Ncb8 21. d5 Rc4 22. g4 h6 23. Bxf5+ Rxf5 24. gxf5+ Kh7 25. Qg3 Bh4 26. Qg6+ Kh8 27. Nd4 Bxd5 28. b3 Nf8 29. Qg4 Rc8 1-0

[Event "World ol U16"]
[Site "Eindhoven"]
[Date "2023.08.17"]
[Round "7.13"]
[White "Shamatava, Nikolozi"]
[Black "Mattenberger, Matthias"]
[Result "1-0"]
[WhiteElo "1962"]
[BlackElo "2276"]
[PlyCount "71"]
[EventDate "2023.08.13"]
[EventType "team-swiss"]
[EventRounds "9"]
[EventCountry "NED"]
[SourceTitle "CBM 215 Extra"]
[Source "ChessBase"]
[SourceDate "2023.09.30"]
[SourceVersion "1"]
[SourceVersionDate "2023.09.30"]
[SourceQuality "1"]
[WhiteTeam "Georgia"]
[BlackTeam "Switzerland"]
[WhiteTeamCountry "GEO"]
[BlackTeamCountry "SUI"]

1. d4 Nf6 2. c4 g6 3. g3 Bg7 4. Bg2 d5 5. cxd5 Nxd5 6. e4 Nb6 7. Ne2 0-0 8. 0-0 e5 9. d5 c6 10. Nec3 cxd5 11. exd5 Nc4 12. Nd2 Nd6 13. Nb3 Na6 14. h4 Bf5 15. Bg5 Qd7 16. Qe2 Rfc8 17. Rfd1 Nc5 18. Nxc5 Rxc5 19. h5 h6 20. Be3 Rc4 21. hxg6 fxg6 22. Rac1 Rac8 23. Qd2 b5 24. a3 a5 25. b3 Rd4 26. Bxd4 exd4 27. Ne2 d3 28. Nf4 Rxc1 29. Qxc1 Ne4 30. Qc6 Qf7 31. Nxd3 Nxg3 32. fxg3 Bd4+ 33. Kh2 g5 34. Qxh6 Bf6 35. Rf1 Bg6 36. d6 1-0

[Event "World ol U16"]
[Site "Eindhoven"]
[Date "2023.08.16"]
[Round "6.16"]
[White "Shamatava, Nikolozi"]
[Black "Labruyere, Roger"]
[Result "1/2-1/2"]
[WhiteElo "1962"]
[BlackElo "2207"]
[PlyCount "116"]
[EventDate "2023.08.13"]
[EventType "team-swiss"]
[EventRounds "9"]
[EventCountry "NED"]
[SourceTitle "CBM 215 Extra"]
[Source "ChessBase"]
[SourceDate "2023.09.30"]
[SourceVersion "1"]
[SourceVersionDate "2023.09.30"]
[SourceQuality "1"]
[WhiteTeam "Georgia"]
[BlackTeam "Netherlands II"]
[WhiteTeamCountry "GEO"]
[BlackTeamCountry "NED"]

1. d4 Nf6 2. c4 d6 3. Nc3 e5 4. Nf3 Nbd7 5. g3 g6 6. Bg2 Bg7 7. 0-0 0-0 8. e4 exd4 9. Nxd4 Re8 10. Re1 Nc5 11. h3 a5 12. Bf4 a4 13. Qd2 a3 14. b4 Ne6 15. Nxe6 Bxe6 16. Qd3 Nd7 17. Rac1 Ne5 18. Bxe5 dxe5 19. Qxd8 Raxd8 20. Nd5 c6 21. Nc7 Re7 22. Nxe6 Rxe6 23. Rc3 Rd4 24. Rxa3 Rxc4 25. Ra8+ Bf8 26. Rd1 Rd4 27. Rxd4 exd4 28. Rd8 Rd6 29. Rxd6 Bxd6 30. a3 g5 31. Bf1 Kg7 32. Kg2 Kf6 33. Kf3 Ke5 34. Bc4 f6 35. Bd3 h5 36. Ke2 b6 37. Bc2 c5 38. bxc5 bxc5 39. Bd3 Bb8 40. a4 Bc7 41. Kf3 Ba5 42. Ke2 Bb4 43. Kf3 Bc3 44. Ke2 g4 45. hxg4 hxg4 46. f4+ gxf3+ 47. Kxf3 Ba5 48. Ke2 Bb6 49. Kf3 Bc7 50. Kg4 c4 51. Bxc4 Kxe4 52. Kh3 Ba5 53. g4 Be1 54. g5 fxg5 55. Kg4 Bd2 56. a5 Bxa5 57. Kxg5 d3 58. Bxd3+ Kxd3 1/2-1/2

[Event "World ol U16"]
[Site "Eindhoven"]
[Date "2023.08.13"]
[Round "1.3"]
[White "Erdogmus, Yagiz Kaan"]
[Black "Shamatava, Nikolozi"]
[Result "1-0"]
[WhiteElo "2483"]
[BlackElo "1962"]
[PlyCount "97"]
[EventDate "2023.08.13"]
[EventType "team-swiss"]
[EventRounds "9"]
[EventCountry "NED"]
[SourceTitle "CBM 215 Extra"]
[Source "ChessBase"]
[SourceDate "2023.09.30"]
[SourceVersion "1"]
[SourceVersionDate "2023.09.30"]
[SourceQuality "1"]
[WhiteTeam "Turkey"]
[BlackTeam "Georgia"]
[WhiteTeamCountry "TUR"]
[BlackTeamCountry "GEO"]

1. e4 e5 2. Nf3 Nc6 3. Bb5 a6 4. Ba4 d6 5. 0-0 Bd7 6. c3 g6 7. d4 Bg7 8. Be3 h6 9. Nbd2 exd4 10. cxd4 Nf6 11. h3 0-0 12. Re1 Nh5 13. Rc1 Rc8 14. a3 b5 15. Bb3 Na5 16. Ba2 Kh7 17. e5 dxe5 18. dxe5 Be6 19. Bxe6 fxe6 20. b4 Nb7 21. Rc6 Qd5 22. Qc2 Nf4 23. Bxf4 Rxf4 24. Re3 Nd8 25. Rc5 Qd7 26. g3 Rf8 27. Nh4 Qe8 28. f4 Qf7 29. Rec3 c6 30. Ne4 Nb7 31. Rxc6 Rxc6 32. Rxc6 Rd8 33. Rc7 Rd7 34. Rxd7 Qxd7 35. Nf6+ Bxf6 36. Qxg6+ Kh8 37. exf6 Nd8 38. Qxh6+ Kg8 39. Qg5+ Kf8 40. Kh2 Qd2+ 41. Ng2 Qd7 42. h4 Nc6 43. h5 Nd4 44. Nh4 Qc7 45. Ng6+ Ke8 46. Ne5 Qc2+ 47. Kh3 Qf5+ 48. Qxf5 exf5 49. h6 1-0

[Event "Wch U16 blitz"]
[Site "Batumi"]
[Date "2023.06.11"]
[Round "8"]
[White "Shamatava, Nikolozi"]
[Black "Gaybullayev, Sanjar"]
[Result "0-1"]
[WhiteElo "1968"]
[BlackElo "1744"]
[PlyCount "168"]
[EventDate "2023.06.10"]
[EventType "swiss (blitz)"]
[EventRounds "11"]
[EventCountry "GEO"]
[SourceTitle "EXT 2024"]
[Source "ChessBase"]
[SourceDate "2023.10.10"]
[SourceVersion "1"]
[SourceVersionDate "2023.10.10"]
[SourceQuality "1"]
[WhiteTeam "Georgia"]
[BlackTeam "Turkmenistan"]
[WhiteTeamCountry "GEO"]
[BlackTeamCountry "TKM"]

1. d4 d5 2. c4 e6 3. Nf3 Nf6 4. g3 c6 5. Qc2 Bd6 6. Bg2 Nbd7 7. 0-0 0-0 8. Bf4 Qc7 9. e3 dxc4 10. Qxc4 e5 11. dxe5 Nxe5 12. Nxe5 Bxe5 13. Qc2 Be6 14. Nc3 Rad8 15. Rfd1 Qa5 16. b4 Qc7 17. a4 a6 18. a5 Bg4 19. Rdc1 Qe7 20. Bxe5 Qxe5 21. Na4 Nd5 22. Qc4 Be6 23. Qc5 Qd6 24. Rab1 h6 25. e4 Nc7 26. Qxd6 Rxd6 27. Nc5 Bc8 28. e5 Rd4 29. Rb2 Rfd8 30. Bf3 Re8 31. Re1 Ne6 32. Ne4 Ng5 33. Nxg5 hxg5 34. Bg2 Be6 35. h3 Red8 36. g4 Kf8 37. Kh2 Ke7 38. Kg3 Rd3+ 39. f3 Rd2 40. Rbb1 Rc2 41. Rbd1 Rcd2 42. Rb1 Rc2 43. Rbd1 Rc4 44. Rxd8 Kxd8 45. Re4 Rxe4 46. fxe4 Kc7 47. Bf1 Bc8 48. h4 gxh4+ 49. Kxh4 b6 50. Kg5 c5 51. bxc5 bxc5 52. Bc4 Be6 53. Bxa6 c4 54. Kf4 Kc6 55. Ke3 Kc5 56. Bb7 Bxg4 57. Bd5 Be6 58. a6 Kb6 59. Bb7 g5 60. Bd5 Kxa6 61. Bc6 Kb6 62. Ba4 Kc5 63. Bd1 Kb4 64. Kd4 c3 65. Kd3 Bc4+ 66. Kd4 Bb3 67. e6 Bxe6 68. Kd3 Bc4+ 69. Ke3 Bb3 70. Bh5 Ka3 71. Be2 c2 72. Bd3 c1Q+ 73. Kd4 Qg1+ 74. Ke5 Qc5+ 75. Kf6 g4 76. e5 g3 77. Be4 Bd5 78. Bf5 g2 79. Bh3 g1Q 80. Bf5 Qgf2 81. Kg5 Qe7+ 82. Kh6 Qfh4+ 83. Kg7 f6+ 84. Kg6 Qg5# 0-1

[Event "Wch U16 blitz"]
[Site "Batumi"]
[Date "2023.06.11"]
[Round "11"]
[White "Shamatava, Nikolozi"]
[Black "Piliposyan, Robert"]
[Result "0-1"]
[WhiteElo "1968"]
[BlackElo "2448"]
[PlyCount "74"]
[EventDate "2023.06.10"]
[EventType "swiss (blitz)"]
[EventRounds "11"]
[EventCountry "GEO"]
[SourceTitle "EXT 2024"]
[Source "ChessBase"]
[SourceDate "2023.10.10"]
[SourceVersion "1"]
[SourceVersionDate "2023.10.10"]
[SourceQuality "1"]
[WhiteTeam "Georgia"]
[BlackTeam "Armenia"]
[WhiteTeamCountry "GEO"]
[BlackTeamCountry "ARM"]

1. Nf3 d5 2. g3 g6 3. Bg2 Bg7 4. 0-0 e5 5. d3 Ne7 6. Nbd2 Nbc6 7. e4 0-0 8. h3 a5 9. c3 dxe4 10. dxe4 b6 11. Nc4 Ba6 12. Qe2 Qd1 13. Rxd1 Bxc4 14. Rd7 Bxe2 15. Rxc7 Rac8 16. Rxc8 Rxc8 17. Be3 b5 18. Bc5 Bf8 19. Nd2 a4 20. Re1 Bd3 21. f4 Na5 22. Bb4 Nec6 23. Bxf8 Kxf8 24. Nf3 Bc4 25. a3 Be6 26. fxe5 Nc4 27. Bf1 N6xe5 28. Nd4 Nxb2 29. Bxb5 Rxc3 30. Rf1 Bxh3 31. Rf2 Nbd3 32. Rd2 Nc5 33. Kh2 Bg4 34. Rb2 Rxa3 35. Rc2 Nxe4 36. Nc6 Nxc6 37. Bxc6 Nxg3 0-1

[Event "Wch U16 rapid"]
[Site "Batumi"]
[Date "2023.06.08"]
[Round "8"]
[White "Gogia, Alexandre"]
[Black "Shamatava, Nikolozi"]
[Result "0-1"]
[WhiteElo "1532"]
[BlackElo "1784"]
[PlyCount "128"]
[EventDate "2023.06.06"]
[EventType "swiss (rapid)"]
[EventRounds "11"]
[EventCountry "GEO"]
[SourceTitle "EXT 2024"]
[Source "ChessBase"]
[SourceDate "2023.10.10"]
[SourceVersion "1"]
[SourceVersionDate "2023.10.10"]
[SourceQuality "1"]
[WhiteTeam "Georgia"]
[BlackTeam "Georgia"]
[WhiteTeamCountry "GEO"]
[BlackTeamCountry "GEO"]

1. d4 Nf6 2. Nf3 e6 3. g3 b5 4. Bg2 Bb7 5. 0-0 Be7 6. a4 b4 7. c4 0-0 8. Nbd2 a5 9. Re1 d5 10. Ne5 c5 11. Nb3 Qc7 12. Bf4 Nh5 13. dxc5 Nxf4 14. gxf4 Rd8 15. Qc2 Bxc5 16. Rac1 Rc8 17. Qd2 Qd6 18. cxd5 Na6 19. Nxa5 Bxd5 20. Bxd5 exd5 21. Nb7 Bxf2+ 22. Kxf2 Qb6+ 23. e3 Qxb7 24. Red1 Nc5 25. Qxd5 Qxd5 26. Rxd5 Ne4+ 27. Kf3 Rxc1 28. Kxe4 f6 29. Nd3 Rc4+ 30. Rd4 Rxd4+ 31. Kxd4 Rxa4 32. Kc4 b3+ 33. Kxb3 Re4 34. Kc3 Rxe3 35. b4 Kf7 36. Kd4 Re2 37. b5 Ke7 38. b6 Kd6 39. h4 Kc6 40. Nc5 Kxb6 41. Nd7+ Kc7 42. Nf8 Rh2 43. Ne6+ Kd7 44. Nxg7 Rxh4 45. Ke4 Rg4 46. Nh5 Ke6 47. Kf3 f5 48. Ng3 Rh4 49. Ne2 Rh3+ 50. Kg2 Ra3 51. Nd4+ Kf6 52. Kf2 h5 53. Kg2 Ra4 54. Ne2 Ra2 55. Kf3 Rxe2 56. Kxe2 Ke6 57. Ke3 Kd5 58. Kd3 Kc5 59. Ke3 Kc4 60. Kf3 Kd4 61. Kg3 Ke4 62. Kh4 Kxf4 63. Kxh5 Kg3 64. Kg5 f4 0-1

[Event "Wch U16 rapid"]
[Site "Batumi"]
[Date "2023.06.07"]
[Round "6"]
[White "Paikens, Reinis"]
[Black "Shamatava, Nikolozi"]
[Result "1-0"]
[WhiteElo "2005"]
[BlackElo "1784"]
[PlyCount "179"]
[EventDate "2023.06.06"]
[EventType "swiss (rapid)"]
[EventRounds "11"]
[EventCountry "GEO"]
[SourceTitle "EXT 2024"]
[Source "ChessBase"]
[SourceDate "2023.10.10"]
[SourceVersion "1"]
[SourceVersionDate "2023.10.10"]
[SourceQuality "1"]
[WhiteTeam "Latvia"]
[BlackTeam "Georgia"]
[WhiteTeamCountry "LAT"]
[BlackTeamCountry "GEO"]

1. c4 c5 2. Nc3 Nc6 3. g3 g6 4. Bg2 Bg7 5. e4 e6 6. Nf3 Nge7 7. 0-0 0-0 8. d3 d6 9. Be3 Nd4 10. Qd2 f5 11. exf5 Nexf5 12. Bg5 Qc7 13. Nxd4 Nxd4 14. Nb5 Nxb5 15. cxb5 Bd7 16. a4 a6 17. bxa6 Rxa6 18. Qc2 Rfa8 19. Bh3 b5 20. Rae1 Rxa4 21. Bxe6+ Bxe6 22. Rxe6 Rb4 23. b3 Qc6 24. Bd2 Qd5 25. Bxb4 Qxe6 26. Re1 Qf6 27. Bd2 h6 28. b4 Rf8 29. Be3 Qc3 30. Qxc3 Bxc3 31. Rb1 Bxb4 32. Bxh6 Rb8 33. Bf4 Rb6 34. d4 Kf7 35. Kf1 Ke6 36. Ke2 Ra6 37. Kf3 Kf5 38. g4+ Ke6 39. h4 Ra3+ 40. Be3 Rc3 41. h5 gxh5 42. gxh5 Kf6 43. h6 Rc4 44. Rg1 cxd4 45. h7 dxe3 46. h8Q+ Ke6 47. fxe3 Bc3 48. Rg6+ Kd5 49. Qa8+ Kc5 50. Rg5+ Be5 51. Qf8 Kd5 52. Qe8 Kc5 53. Rxe5+ dxe5 54. Qxe5+ Kb4 55. Qb2+ Kc5 56. e4 b4 57. e5 Kd5 58. Qe2 b3 59. e6 b2 60. Qxb2 Kxe6 61. Qb3 Kd5 62. Ke3 Kc5 63. Qa3+ Kd5 64. Qa5+ Rc5 65. Qd8+ Ke5 66. Qe7+ Kd5 67. Kd3 Kc6 68. Kd4 Rd5+ 69. Kc4 Rd6 70. Qe4+ Kb6 71. Qe5 Kc6 72. Qb5+ Kc7 73. Kc5 Rd7 74. Qb6+ Kc8 75. Qe6 Kc7 76. Qe5+ Kb7 77. Kb5 Rc7 78. Qd5+ Ka7 79. Ka5 Rc2 80. Qd4+ Kb8 81. Qe5+ Ka7 82. Qe7+ Kb8 83. Qf8+ Rc8 84. Qd6+ Kb7 85. Qb6+ Ka8 86. Ka6 Rc7 87. Qd4 Rc6+ 88. Kb5 Rc1 89. Qe4+ Kb8 90. Qg4 1-0

[Event "Wch U14"]
[Site "Mamaia"]
[Date "2022.09.14"]
[Round "9"]
[White "Shamatava, Nikolozi"]
[Black "Topuz, Mirac Melih"]
[Result "0-1"]
[WhiteElo "2089"]
[BlackElo "1555"]
[PlyCount "80"]
[EventDate "2022.09.06"]
[EventType "swiss"]
[EventRounds "11"]
[EventCountry "ROU"]
[SourceTitle "CBM 210 Extra"]
[Source "ChessBase"]
[SourceDate "2022.11.30"]
[SourceVersion "1"]
[SourceVersionDate "2022.11.30"]
[SourceQuality "1"]

1. d4 Nf6 2. c4 g6 3. g3 c5 4. dxc5 Bg7 5. Nc3 Qa5 6. Bd2 Qxc5 7. Rc1 0-0 8. Bg2 a6 9. Na4 Qc7 10. e3 Nc6 11. c5 d5 12. Ne2 Bf5 13. 0-0 Rad8 14. b4 Ne4 15. f3 Nxd2 16. Qxd2 e5 17. Nb6 Be6 18. a3 Bh6 19. f4 d4 20. e4 f5 21. Rce1 Qf7 22. Qd3 Bg7 23. Nc1 Kh8 24. Qc2 exf4 25. gxf4 fxe4 26. Bxe4 Bh3 27. Rf3 Bg4 28. Rg3 d3 29. Nxd3 Nd4 30. Qg2 Bf5 31. Rge3 Bxe4 32. Rxe4 Qb3 33. Ne5 Bxe5 34. R4e3 Qf7 35. Rxe5 Qxf4 36. R5e3 Nf3+ 37. Rxf3 Qxf3 38. Qb2+ Kg8 39. Qa2+ Rf7 40. Nc4 Rd1 0-1

[Event "Wroclaw op-A"]
[Site "Wroclaw"]
[Date "2022.08.06"]
[Round "8"]
[White "Shamatava, Nikolozi"]
[Black "Sernecki, Franciszek"]
[Result "0-1"]
[WhiteElo "1783"]
[BlackElo "2261"]
[PlyCount "100"]
[EventDate "2022.07.31"]
[EventType "swiss"]
[EventRounds "9"]
[EventCountry "POL"]
[SourceTitle "CBM 209 Extra"]
[Source "ChessBase"]
[SourceDate "2022.09.30"]
[SourceVersion "1"]
[SourceVersionDate "2022.09.30"]
[SourceQuality "1"]

1. d4 Nf6 2. c4 e6 3. Nf3 d5 4. e3 Be7 5. b3 0-0 6. Bb2 c5 7. Nc3 Nc6 8. Bd3 cxd4 9. exd4 b6 10. 0-0 Bb7 11. Re1 Rc8 12. Rc1 Re8 13. cxd5 Nxd5 14. Nxd5 exd5 15. a3 g6 16. b4 Bf6 17. Qa4 Rxe1+ 18. Rxe1 a5 19. b5 Nb8 20. Ne5 Nd7 21. Nc6 Qf8 22. Bc1 Nb8 23. Na7 Rc3 24. Bf1 Bc8 25. Nc6 Bf5 26. Qd1 Nxc6 27. bxc6 Rxc6 28. Bb5 Rc8 29. Bb2 Qd6 30. Re3 Bg5 31. Re2 Bg4 32. f3 Bf5 33. Qe1 Bd7 34. Ba6 Ra8 35. Bd3 Bf6 36. Rc2 Re8 37. Qc1 Bh4 38. Re2 Rc8 39. Rc2 Rxc2 40. Qxc2 Bf6 41. g3 Kg7 42. Kf2 h5 43. f4 h4 44. f5 Bg5 45. Kf3 Qf6 46. g4 Qd6 47. Kg2 Qf4 48. Qe2 Kh6 49. fxg6 Bxg4 50. Bc1 h3+ 0-1

[Event "Wroclaw op-A"]
[Site "Wroclaw"]
[Date "2022.08.03"]
[Round "5"]
[White "Meftahi, Houssem"]
[Black "Shamatava, Nikolozi"]
[Result "1/2-1/2"]
[WhiteElo "2113"]
[BlackElo "1783"]
[PlyCount "97"]
[EventDate "2022.07.31"]
[EventType "swiss"]
[EventRounds "9"]
[EventCountry "POL"]
[SourceTitle "CBM 209 Extra"]
[Source "ChessBase"]
[SourceDate "2022.09.30"]
[SourceVersion "1"]
[SourceVersionDate "2022.09.30"]
[SourceQuality "1"]

1. e3 Nf6 2. c4 e6 3. Nf3 b6 4. Be2 Bb7 5. 0-0 Be7 6. b3 0-0 7. Bb2 d5 8. d3 c5 9. Nbd2 Nc6 10. a3 Qc7 11. Qc2 Rac8 12. Rac1 Rfd8 13. cxd5 Nxd5 14. Qb1 Qb8 15. Ne4 e5 16. Ng3 f6 17. Rfd1 Bf8 18. d4 cxd4 19. exd4 exd4 20. Nxd4 Nxd4 21. Rxd4 Nf4 22. Bc4+ Kh8 23. Rcd1 Rxd4 24. Rxd4 Rd8 25. Qd1 Rxd4 26. Qxd4 Qd6 27. Qxd6 Bxd6 28. Nf5 Bc7 29. Ne3 Bc6 30. a4 Bd6 31. Bd4 h6 32. h4 Ng6 33. Nf5 Bb4 34. g3 Ne5 35. Bxe5 fxe5 36. Bf7 g5 37. Bc4 Kh7 38. h5 Bf3 39. Bf7 Bf8 40. Bg6+ Kg8 41. Ne3 Kg7 42. Nc4 Kf6 43. Nd2 Bd5 44. Bc2 g4 45. Ne4+ Kg7 46. f3 gxf3 47. Kf2 Bc5+ 48. Kxf3 Bd4 49. g4 1/2-1/2